| 000 | 00925nam a2200289 a 4500 | ||
|---|---|---|---|
| 001 | 22373 | ||
| 003 | BD-RjUL | ||
| 005 | 20211209000811.0 | ||
| 008 | 140308s1951 enkafc 00| 1 eng d | ||
| 035 | _a(BD-RjUL)22438 | ||
| 035 | _a(OCoLC)245183 | ||
| 040 |
_aDLC _cYNG _dSER _dm.c _dBD-RjUL _beng |
||
| 041 | _aeng | ||
| 082 | 0 | 4 |
_a809.13 _bRAP 1951 |
| 100 | 1 |
_aRalegh, Walter, _d1552?-1618. _969078 |
|
| 245 | 1 | 4 |
_aThe poems of Sir Walter Ralegh / _cedited with an introduction by Agnes M.C. Latham. |
| 260 |
_aLondon : _bRoutledge & Kegan Paul, _c1951. |
||
| 300 |
_alxiii, 182 p. : _bfront., ports. ; _c18 cm. |
||
| 490 | _aThe Muses' library | ||
| 650 | 0 |
_aPoetry, Modern _y15th and 16th centuries. _969079 |
|
| 700 | 1 |
_aLatham, Agnes M. C. _q(Agnes Mary Christabel) _969080 |
|
| 830 | 0 |
_aThe Muses' library _969089 |
|
| 942 |
_2ddc _cBK |
||
| 999 |
_c22373 _d22373 |
||